Normal view MARC view
  • Hinojosa C., Marcela

Entry Nombre Personal

Number of records used in: 1

001 - NUMERO DE CONTROL

  • campo de control: 43898

003 - IDENTIFICADOR DE NUMERO DE CONTROL

  • campo de control: MX-MxUPN

005 - FECHA Y HORA DE LA ÜLTIMA TRANSACCIÓN

  • campo de control: 20220307123750.0

008 - DATOS DE LONGITUD FIJA

  • campo de control de longitud fija: 220307|| aca||aabn | a|a d

040 ## - FUENTE DE CATALOGACIÓN

  • Agencia original de catalogación: MX-MxUPN
  • Lenguaje de catalogación: spa
  • Agencia de transcripción: MX-MxUPN

100 1# - ENCABEZAMIENTO - NOMBRE PERSONAL

  • Nombre personal: Hinojosa C., Marcela

670 ## - FUENTE EN LA QUE SE LOCALIZARON DATOS

  • Cita de la fuente: Juega con las matemáticas 1, 1994:
  • Información localizada: portada (Marcela Hinojosa C.)

902 ## - CATALOGADOR

  • Catalogador: VRC/070322